000 00696nam a22002177a 4500
005 20250908115740.0
010 _aENG-146671
020 _c150.00
_a9788128812149
035 _aEN-130203
037 _bDBAD
082 _a921
100 _a Sigi, Rekha
_984884
245 _aMunshi Premchand :
_bBiography of a Great Hindi Writer/
_cRekha Sigi
260 _aOkhla, New Delhi
_bDiamond Pocket Books (P) LTD.
_c2019
270 _aX-30, Okhla Industrial Area, Phase - II
_bNew Delhi
_e110020
_msales@diamondpublication.com
_k011-41611861
_l011-41611866
300 _a127p.
_c21cm(pbk)
700 _984860
700 _984868
700 _984869
942 _2ddc
_cEN
_h921
_mSIG
999 _c213374
_d213374